000 00707nam a2200217 i 4500
001 75224
003 ES-MaACL
005 20230906172357.0
007 t|
008 040923s1977 sp ||||1| cat d
100 1 _aGranger, Jacques Carles-Michel.
_959636
245 1 3 _aLa alquimia i superciencia extraterrestre? /
_cJacques Carles-Michel Granger ; [traducción de J. Ferrer Aleu].
250 _a[1ª ed.].
260 _a[Esplugas de Llobregat] :
_bPlaza & Janés,
_c[1977] (
_fGuada)
300 _a244 p. ;
_c18 cm.
490 1 _aRealismo fantastico
700 1 _aFerrer Aleu, J.
_950442
830 0 _aRealismo fantastico
_9181411
852 _aES-MaACL
_jA-6826
_bR.95907
999 _c75224
_d75224